00242nam a2200097Ia 4500082001800000100001500018245002500033250001200058260006400070300001000134 a621.3121bNAG aNag, P. K. aPower plant engineer a3rd Ed. bTata McGraw Hill Education Private LimitedaNew Delhic2013 a973p.